书目信息 |
| 题名: |
世界城市地铁与轻轨最新动态
|
|
| 作者: | 张新军 , 赵小琴 编著 | |
| 分册: | ||
| 出版信息: | 北京 中国铁道出版社 2001 |
|
| 页数: | 10,243页 | |
| 开本: | 26cm | |
| 丛书名: | ||
| 单 册: | ||
| 中图分类: | U239.5 | |
| 科图分类: | ||
| 主题词: | 城市铁路--概况--世界--2000~2001 | |
| 电子资源: | ||
| ISBN: | 7-113-04476-X | |
| 000 | 00846nam0 2200241 45 | |
| 001 | 110000001642 | |
| 005 | 20051122081841.14 | |
| 010 | @a7-113-04476-X@dCNY35.00 | |
| 092 | @aCN | |
| 100 | @a20041223d2001 em y0chiy0110 ea | |
| 101 | 0 | @achi |
| 102 | @aCN@b110000 | |
| 105 | @ab z 000yy | |
| 200 | 1 | @a世界城市地铁与轻轨最新动态@Ashi jie cheng shi di tie yu qing gui zui xin dong tai@e2000~2001@f张新军,赵小琴编著@FZhang Xin Jun,Zhao Xiao Qin Bian Zhu |
| 210 | @a北京@c中国铁道出版社@d2001 | |
| 215 | @a10,243页@c地图@d26cm | |
| 330 | @a本书收集了2000年至2001年全世界60个国家共198个城市的有关资料,全面介绍了国内外有关城市轨道交通发展的状况。 | |
| 606 | 0 | @a城市铁路@x概况@y世界@z2000~2001 |
| 690 | @aU239.5@v4 | |
| 701 | 0 | @a张新军@4编著 |
| 701 | 0 | @a赵小琴@4编著 |
| 801 | 0 | @aCN@bCXYBOOK@c20051122 |
| 905 | @a10447@dU239.5@e93 | |
| 世界城市地铁与轻轨最新动态:2000~2001/张新军,赵小琴编著.-北京:中国铁道出版社,2001 |
| 10,243页:地图;26cm |
| ISBN 7-113-04476-X:CNY35.00 |
| 本书收集了2000年至2001年全世界60个国家共198个城市的有关资料,全面介绍了国内外有关城市轨道交通发展的状况。 |
| ● |
| 相关链接 |
|
|
|
|
正题名:世界城市地铁与轻轨最新动态
索取号:U239.5/93
 
预约/预借
| 序号 | 登录号 | 条形码 | 馆藏地/架位号 | 状态 | 备注 |
| 1 | 0358757 | 3587577 | 第二样本阅览室/ [索取号:U239.5/93] | 在馆 | |
| 2 | 0368505 | 203685057 | 第三借阅区/ [索取号:U239.5/93] | 在馆 | |
| 3 | 0368506 | 203685066 | 第三借阅区/ [索取号:U239.5/93] | 在馆 | |
| 4 | 0368507 | 203685075 | 第三借阅区/ [索取号:U239.5/93] | 在馆 | |
| 5 | 0368508 | 203685084 | 第三借阅区/ [索取号:U239.5/93] | 在馆 | |
| 6 | 0368509 | 203685093 | 第三借阅区/ [索取号:U239.5/93] | 在馆 |